000
00237nam a22001097a 4500
020
_a
1-55512-148-9
082
_a
621.391 MIC'I
245
_a
MICROCOMMUINCATIONS
260
_a
USA
_b
INTEL CORPORATION
_c
1992
300
_a
V.P
942
_c
BK
999
_c
575467
_d
575467